000 00435nam a2200169Ia 4500
003 STCL
008 181203s9999 xx 000 0 und d
020 _a9780470848838
040 _aSTCL
_bEN
_cSTCL
082 _222
100 _aScott, Anthony; Maynard, Alan; Elliott, Robert, Ed.
245 0 _aAdvances in Health Economics
260 _bJohn Wiley & Sons
_aEngland
_c2003
300 _a249
546 _aEnglish
942 _2ddc
_cBK
999 _c82897
_d82897